AMA complete guide to small business advertising
| Main Author: | |
|---|---|
| Format: | Book |
| Published: |
Illinois:
NTC,
1995.
|
| Subjects: |
| LEADER | 00515cam a2200169 7i4500 | ||
|---|---|---|---|
| 001 | 0000003585 | ||
| 005 | 19991025090000.0 | ||
| 002 | ##000004961 | ||
| 020 | 0 | 0 | |a 0-8442-3594-6 |
| 090 | 0 | 0 | |a B 659.281 |b VIT |
| 100 | 1 | 0 | |a Vitale, Joe |
| 245 | 1 | 0 | |a AMA complete guide to small business advertising |c Joe Vitale. |
| 260 | 0 | 0 | |a Illinois: |b NTC, |c 1995. |
| 300 | 0 | 0 | |a 192p. |
| 650 | 0 | 0 | |a Advertising -- |x Handbook, Manuals,etc |
| 650 | 0 | 0 | |a Small business -- |x Management |
| 999 | |a 0000005915 |b Book |c Open shelf |e Business Information Centre | ||


